000 00719nam a22002297a 4500
003 UA-OsUOA
001 30168
007 ta
008 20041105b un ||||| |||| 00| 0 ukr d
090 _a913(47)
_bС50
942 _cBK
040 _aUA-OsUOA
_brus
_cUA-OsUOA
_dUA-OsUOA
245 _aСоветский Союз. Европейский Юго-Восток
_bГеографическое описание в 22 томах
_cРед. К. В.Долгополов С. А.Водовозов С. В.Калесник
300 _a799 с.
_bІлюстрації
955 _a0
041 _arus
080 _a913(47)
260 _aМосква
_bМысль
_c1968
044 _aRU
650 7 _2UDC
999 _c316575
_d316575